000 00359nam a2200109Ia 4500
008 220216s9999 xx 000 0 und d
100 _aPeethambaran N R
245 0 _aSome guidelines for the production of elastic thread
260 _bPresented in the seminar on Elastic thread held at RRII, Kottayam, 23 April 1993
_c1993
700 _aRajammal G
942 _cJS
999 _c68983
_d68983